Actuales debates sobre las regiones, la integracin̤ regional y la globalizacin̤

Detalles Bibliográficos
Autor principal: Bustamante, Ana Marleny
Formato: eBook
Lenguaje:español
Publicado: Bogot:̀ Universidad Cooperativa de Colombia, 2022
Materias:
Acceso en línea:Acceso restringido

MARC

LEADER 00000nam a22000007a 4500
005 20220706214448.0
007 cr|||| |||
008 220706s2022 co |||||s|||| 00||0 spa d
020 |a 9789587603552 
035 |a 36655 
040 |a vLex 
090 |c 13527  |d 13527 
100 1 |a Bustamante, Ana Marleny 
245 1 0 |a Actuales debates sobre las regiones, la integracin̤ regional y la globalizacin̤  |h [Recurso electrn̤ico] /  |c Ana Marleny Bustamante 
256 |a Servicio en ln̕ea 
260 |a Bogot:̀  |b Universidad Cooperativa de Colombia,  |c 2022 
300 |a 1 recurso electrn̤ico 
500 |a Este libro de divulgacin̤ cientf̕ica tiene por objetivo revisar, pensar y actualizar los debates ms̀ recientes sobre las regiones en el marco del proceso globalizador. La obra aporta contenido acadm̌ico con reflexiones sobre las regiones y lo regional en el contexto de la globalizacin̤ en el 2021 y observa las marchas y contramarchas de dicho proceso, cada vez ms̀ convulso con el advenimiento de la pandemia global del sars-Cov-2. Este libro se divide en tres partes: la primera trata sobre las regiones globales, la segunda sobre la regin̤ en la integracin̤ regional y en la perspectiva global y, por l︢timo, la tercera se enfoca en las regiones transfronterizas. En su conjunto, se ofrece un abanico tanto de estudios empr̕icos como de interpretaciones ter̤icas que, si bien no representan una visin̤ unitaria del fenm̤eno y de la interaccin̤ renovada entre globalizacin̤, integracin̤ regional, regionalismo, regin̤ y regionalidad, s ̕permiten observar los temas desde ǹgulos que contribuyen a iluminar su complejidad y los escenarios futuros como proceso econm̤ico y polt̕ico en constante revisin̤. Se incorporan elementos que ayudan a comprender de forma apropiada la profundidad de los cambios y apuntan a motivar la generacin̤ de ms̀ reflexiones y estudios sobre la regin̤ y el aspecto regional, en los escenarios micro y macro. El estado actual del pensamiento regional est ̀cambiando constantemente y su anl̀isis es proclive a influir en su desarrollo y evolucin̤. Por ello, en esta obra, los autores atienden a parte de esa necesidad con la propiedad de su respectiva disciplina cientf̕ica y su r̀ea de interš investigativo, explicando y reflexionando sobre los cambios, las razones de ser y las caracters̕ticas de la regin̤ en medio de la globalizacin̤. 
506 1 |a Disponible solo en los productos indicados  |d vLex Global  |d vLex Global (Academic Edition, excluding Law Schools)  |d vLex Global (U.S. Academic Edition, Law Schools)  |d vLex Global (U.S. Academic Edition, excluding Law Schools)  |d vLex Global (Academic Edition, Law Schools) 
650 0 4 |a Derecho Comunitario  |z Colombia 
740 0 |a vLex Libros (Servicio en ln̕ea) 
856 4 0 |u https://app.vlex.com/#/sources/36655  |z Acceso restringido 
942 |c BOOK 
999 0 |a Community Law